Histoire par pays #1 Hongrie - Statistiques

Statistiques générales
  • Ce quiz a été pris 81 fois
  • Le résultat moyen est 2 sur 10
Statistiques - réponses
Questions Réponses % Correct
Nom du peuple nomade à l'origine des Hongrois ? Magyars
86%
Région majoritairement hongroise séparée de la Hongrie après ce traité ? Transylvanie
42%
Traité scellant les frontières de la Hongrie après la WW1 ? Trianon
35%
Dictateur hongrois allié d'Hitler ? Horty
23%
Plaine dans laquelle ils se sont installés ? Pannonie
17%
Souverain vainqueur des Hongrois à cette bataille ? Soliman le magnifique
14%
Bataille causant la fin du royaume de Hongrie ? Mohacs
11%
Nom de la Hongrie dans l'Empire austro-hongrois ? Transleithanie
6%
Bataille ayant forcé leur sédentarisation ? Lechfeld
3%
Premier roi de Hongrie ? Etienne Ier
2%
Aucun quiz correspondant
Distribution des résultats
% des personnes avec chaque résultat
Percentile par nombre de réponses
Votre historique - résultats
Vous n’avez pas pris ce quiz